| 000 | 00740nam a2200205Ia 4500 | ||
|---|---|---|---|
| 008 | 191130s2007##################000#0#eng## | ||
| 020 | _a9781416047582 | ||
| 040 |
_aACL _cACL |
||
| 082 | _a616.028 AAC | ||
| 245 |
_aAACN's quick reference to critical care nursing procedures AACN's quick reference to critical care nursing procedures _cAmerican Association of Critical-Care Nurses |
||
| 260 |
_aPhiladelphia, PA _bSaunders/Elsevier _c©2007 |
||
| 300 | _ax, 374 p., s p.iral-bound | ||
| 500 | _aIncludes index | ||
| 650 | _aCritical care medicine | ||
| 650 | _aIntensive care nursing | ||
| 710 | _aAmerican Association of Critical-Care Nurses | ||
| 990 | _aa1053c7bac10000c2ec01b0772ae48e5 | ||
| 991 | _a338310 | ||
| 999 |
_c360254 _d360254 |
||